| 000 | 00391nam a2200157Ia 4500 | ||
|---|---|---|---|
| 008 | 230917s9999||||xx |||||||||||||| ||und|| | ||
| 040 |
_e174697 _aMAIN |
||
| 041 | _aEnglish | ||
| 082 | _a581.8 R219I(2) | ||
| 100 | _aRazdan, M K | ||
| 245 | 0 | _aIntroduction to plant tissue culture | |
| 250 | _a2nd ed. | ||
| 260 |
_aNew Delhi _bOxford & IBH _c2010 |
||
| 300 | _aix, 375 p. | ||
| 942 | _cBK | ||
| 999 |
_c157210 _d157210 |
||